A Quiz About The Most Interesting Man in the World - Statistics

General Stats
  • This quiz has been taken 19 times
  • The average score is 11 of 40
Answer Stats
Answer % Correct
{Cuba} imports cigars from him.
72%
He once ran a {marathon} because it was on his way.
67%
Mosquitoes refuse to {bite} {him} purely out of respect.
56%
When in {Rome}, they do as he does.
50%
Even his {enemies} list him as their emergency contact number.
44%
He’s a lover, not a fighter, but he’s also a fighter, so don’t get any {ideas}.
44%
At {museums}, he’s allowed to touch the art.
39%
He once challenged his own {reflection} to a staring contest. On the fourth day, he won.
39%
His words carry {weight} that would break a less interesting man’s jaw.
39%
Regardless of {temperature}, you can never see his breath.
39%
The {police} often question him just because they find him interesting.
39%
Every time he goes for a swim, {dolphins} appear.
33%
He has {inside} jokes with complete strangers.
33%
He is the life of parties he has never {attended}.
33%
He once had an awkward moment, just to see how it {feels}.
33%
His mother has a {tattoo} that reads, “son.”
33%
If he were to pat you on your back, you would list it on your {résumé}.
33%
{Sharks} have a week dedicated to him.
33%
He lives {vicariously} through himself.
28%
He never says something tastes like {chicken}, not even {chicken}.
28%
His charm is so {contagious}, vaccines have been created for it.
28%
He could disarm you with his looks or his {hands}, either way.
22%
He is the only man to ever {ace} a Rorschach test.
22%
His personality is so {magnetic}, he is unable to carry credit cards.
22%
If he punched you in the face, you would have to fight off the strong urge to {thank} him.
22%
Both sides of his {pillow} are cool.
17%
His only {regret} is not knowing what {regret} feels like.
17%
His snow globe gets 24 inches of fresh {powder} annually.
17%
In a past life, he was {himself}.
17%
He can speak French in {Russian}.
11%
His blood smells like {cologne}.
11%
His {reputation} is expanding faster than the universe.
11%
If {opportunity} knocks and he’s not home, {opportunity} waits.
11%
He bowls {overhand}.
6%
He’s been known to cure {narcolepsy} just by walking into a room.
6%
He’s won {trophies} for his game face alone.
6%
His organ donation card also lists his {beard}.
6%
People hang on his every word, even the {prepositions}.
6%
{Sasquatch} has taken a photograph of him.
6%
His {small} {talk} has altered foreign policy.
0%
No matching quizzes found
Score Distribution
Percent of People with Each Score
Percentile by Number Answered
Your Score History
You have not taken this quiz